000 00625nam a2200157 a 4500
008 151127s2008 ||||||||||||||||| || u
020 _a9780521696708
050 _aRG 732 Obs
100 _aClift, John
245 1 0 _aObstetrics for anaesthetists
_cEdited by John Clift and Alexander Heazell
260 _aNew York
_bCambridge University Press
_c2008
300 _axvi, 171p.: ill.
350 _a99.99
650 _aANESTHESIA IN OBESTETRICS
995 _aMEDICAL LIBRARY OPEN ACCESS
_e903566
_FCBU-SCHOOL OF MEDICINE LIBRARY (Ndola)
_I99.99
_jRG 732 Obs
_M1
_UAVAILABLE
_WNov 30, 2015
_y903566
_ZMedical Library Open Access Collection
999 _c32239
_d32239